Možnosti rozvoja produktového portfólia vo vybranom sortimente diplomová práca

Salvato in:
Dettagli Bibliografici
Autore principale: Rychtáriková, Soňa
Ente Autore: Obchodná fakulta EU. Katedra tovaroznalectva a kvality tovaru
Altri autori: Strhan, Rastislav, 1968-
Natura: Libro
Lingua:slovacco
Pubblicazione: Bratislava 2012
Tags: Aggiungi Tag
Nessun Tag, puoi essere il primo ad aggiungerne!!

MARC

LEADER 00000nbm a2200000 4500
001 0158851
005 20170315090434.6
041 0 |a slo 
044 |a SK 
245 1 0 |a Možnosti rozvoja produktového portfólia vo vybranom sortimente  |b diplomová práca  |c Soňa Rychtáriková ; školiteľ: Rastislav Strhan 
264 1 |a Bratislava  |c 2012 
300 |a 86 s. 
100 1 |a Rychtáriková, Soňa 
700 1 |a Strhan, Rastislav, 1968- 
710 2 |a Obchodná fakulta EU. Katedra tovaroznalectva a kvality tovaru